|
|
|
|
| LEADER |
01389nam a2200241 a 4500 |
| 001 |
12026689 |
| 008 |
100201s1996 bg a b 100 0 eng |
| 010 |
|
|
|a 99938847
|
| 020 |
|
|
|a 9221104265
|
| 040 |
|
|
|a DLC
|c DLC
|d DB-DhAAL
|
| 082 |
0 |
0 |
|a 305.4/09549/2
|2 21
|
| 111 |
2 |
|
|a ILO-Bangladesh National Seminar on International Labour Standards of Prime Importance to Women Workers
|d (1995 :
|c Dhaka, Bangladesh)
|
| 245 |
1 |
0 |
|a Report of the ILO-Bangladesh National Seminar on International Labour Standards of Prime Importance to Women Workers
|h [microform] :
|b a source book.
|
| 246 |
1 |
4 |
|a Report of the National Seminar on International Labour Standards of Prime Importance to Women Workers
|
| 260 |
|
|
|a Dhaka :
|b International Labour Organization, Area Office, Dhaka,
|c 1996.
|
| 300 |
|
|
|a 149 p. :
|b ill. (some col.) ;
|c 22 cm.
|
| 541 |
1 |
|
|e 00007528
|
| 533 |
|
|
|a Microfiche.
|b New Delhi :
|c Library of Congress Office ;
|b Washington, D.C. :
|c Library of Congress Photoduplication Service,
|d 2000.
|e 2 microfiches.
|n Master microform held by: DLC.
|
| 650 |
|
0 |
|a Women
|x Employment
|z Bangladesh
|v Congresses.
|
| 710 |
2 |
|
|a International Labour Organisation.
|b Area Office, Dhaka.
|
| 852 |
4 |
|
|a Ayesha Abed Library
|j General Shelf.
|
| 999 |
|
|
|c 7303
|d 7303
|
| 952 |
|
|
|0 0
|1 0
|2 ddc
|4 0
|6 305_409549200000000_REP_1996
|7 0
|9 7724
|a BRACUL
|b BRACUL
|c GEN
|d 2010-02-03
|l 0
|o 305.4095492 REP
|p 3010007528
|r 2010-02-03
|t 1
|w 2010-02-03
|y BK
|